00418nam a2200109Ia 4500008004100000245005200041245003200093260000900125856008200134999001900216952007300235160523s9999 xx 000 0 und d aRisk Management - Current Issues and Challenges cEdited by Nerija Banaitiene c2012 uhttp://www.intechopen.com/books/risk-management-current-issues-and-challenges c294882d294882 001040aCLbCLd2016-05-23l0r2016-05-23 00:00:00w2016-05-23yCBE